Les sciences naturelles et la philosophie de l'inconscient / (Record no. 164946)
[ view plain ]
| 000 -LEADER | |
|---|---|
| campo de control de longitud fija | 00957nam a2200229 i 4500 |
| 001 - NÚMERO DE CONTROL | |
| campo de control | 164946 |
| 003 - IDENTIFICADOR DE NÚMERO DE CONTROL | |
| campo de control | ES-MaACL |
| 005 - FECHA Y HORA DE LA ÚLTIMA TRANSACCIÓN | |
| campo de control | 20230906213034.0 |
| 008 - DATOS DE LONGITUD FIJA--INFORMACIÓN GENERAL | |
| campo de control de longitud fija | 950206s1879 fr |||| | fre d |
| 040 ## - FUENTE DE CATALOGACIÓN | |
| Centro catalogador/agencia de origen | CLM |
| 100 1# - ENTRADA PRINCIPAL--NOMBRE DE PERSONA | |
| Nombre de persona | Schmidt, Oscar. |
| 9 (RLIN) | 132556 |
| 245 14 - MENCIÓN DEL TÍTULO | |
| Título | Les sciences naturelles et la philosophie de l'inconscient / |
| Mención de responsabilidad, etc. | par Oscar Schmidt ; traduit de l'allemand par Jules Soury et Edouard Meyer ; et précédé d'une étude critique sur la philosophie de l'inconscient [par Jules Soury]. |
| 260 ## - PUBLICACIÓN, DISTRIBUCIÓN, ETC. | |
| Lugar de publicación, distribución, etc. | Paris : |
| Nombre del editor, distribuidor, etc. | Librairie Germer Baillière et Cie., |
| Fecha de publicación, distribución, etc. | 1879 ( |
| Lugar de fabricación/manufactura | Coulommiers : |
| Fabricante | Imprimerie Paul Brodard) |
| 300 ## - DESCRIPCIÓN FÍSICA | |
| Extensión | XXXVII, 168 p. ; |
| Dimensiones | 19 cm. |
| 490 1# - MENCIÓN DE SERIE | |
| Mención de serie | Bibliothèque de philosophie contemporaine |
| 700 0# - ENTRADA AGREGADA--NOMBRE PERSONAL | |
| Nombre de persona | Meyer, Edouard. |
| 9 (RLIN) | 80782 |
| 700 1# - ENTRADA AGREGADA--NOMBRE PERSONAL | |
| Nombre de persona | Soury, Jules. |
| 9 (RLIN) | 132857 |
| 830 0# - PUNTO DE ACCESO ADICIONAL DE SERIE-TÍTULO UNIFORME | |
| Título uniforme | Bibliothèque de philosophie contemporaine |
| 9 (RLIN) | 181027 |
| 852 ## - LOCALIZACIÓN | |
| Ubicación | ES-MaACL |
| Número de control de estantería | F-11750 |
| Nota libre | -- Enc. pasta española |
| Estatus retirado | Estado de pérdida | Estado de daño | No para préstamo | Colección | Biblioteca de origen | Biblioteca actual | Ubicación en estantería | Fecha de adquisición | Fuente de adquisición | Total de préstamos | Signatura topográfica completa | Código de barras | Visto por última vez | Precio de reemplazo | Tipo de ítem Koha |
|---|---|---|---|---|---|---|---|---|---|---|---|---|---|---|---|
| Libros del s. XIX | Biblioteca del Ateneo de Madrid | Biblioteca del Ateneo de Madrid | Sala Pecera Planta 2 | 17/01/2008 | F-11750 | 1172912 | 23/02/2023 | 23/02/2023 | Libro impreso antiguo |
